000 00625nam a2200253Ia 4500
003 OSt
005 20220918164630.0
006 a|||||r|||| 00| 0
007 ta
008 220917b |||||||| |||| 00| 0 eng d
020 _a0706905814
024 _a4,068
037 _cTextual
040 _aARTS
_cARTS
_beng
041 _2eng
_aeng
082 _aV2:2(Z)qN75, L8
100 _aMalkani K R
_919767
245 0 _aMidnight knock
260 _aNew Delhi
_bVikas
_c1978
300 _a98p
_ccm.
650 _aHISTORY
942 _hV2:2(Z)qN75, L8
_cTEXL
_2CC
999 _c125649
_d125649